A Handbook for Seismic Data Acquisition in Exploration.

Bewaard in:
Bibliografische gegevens
Hoofdauteur: Evans, Brian J. (Auteur)
Formaat: Boek
Gepubliceerd in: Houston, USA: Society of Exploration Geophysicists, 1997.
Reeks:Geophysical Monograph Series ;
Onderwerpen:
Tags: Voeg label toe
Geen labels, Wees de eerste die dit record labelt!

MARC

LEADER 00000nam a22000007a 4500
003 CL-VaPUC
005 20240108160645.0
008 231129t1997 ||||| |||| 00| 0 eng d
999 |c 442643  |d 442641 
020 |a 978-0-931830-56-3 (series) 
020 |a 978-1-56080-041-5 (volume) 
040 |c Pontificia Universidad Católica de Valparaíso 
082 0 4 |2 21  |a 622.1592 EVA 1997 
100 1 |a Evans, Brian J.  |e author  |9 886295 
245 1 2 |a A Handbook for Seismic Data Acquisition in Exploration. 
260 |a Houston, USA:  |b Society of Exploration Geophysicists,  |c 1997. 
300 |a 305 páginas. 
490 0 |a Geophysical Monograph Series ;  |n 7. 
500 |a c.1 Donación Liberalia 23-11-2023. 
583 |c 20231129  |k Catalogador Asistente 
650 1 |a Prospección sísmica   |9 876616 
650 1 |a Exploración sísmica  |x Geofísica  |9 886395 
650 1 |a Sondeo sísmico   |x Geología aplicada  |9 886396 
650 1 |a Ingenieria de minas  |9 886397 
942 |2 ddc  |c BK 
952 |0 0  |1 0  |2 ddc  |4 0  |6 622_159200000000000_EVA_1997  |7 0  |8 A  |9 592699  |a BIBING  |b BIBING  |d 2023-11-29  |e Donación  |i 5659682  |o 622.1592 EVA 1997  |p 5659682  |r 2025-01-20  |t 1  |w 2023-11-29  |y BK  |k CIC